| 000 | 00735nam a2200229 i 4500 | ||
|---|---|---|---|
| 001 | 88471 | ||
| 003 | ES-MaACL | ||
| 005 | 20250829112157.0 | ||
| 007 | t| | ||
| 008 | 050104s1971 sp ||||1| spa d | ||
| 100 | 1 |
_aLalanne, Raymond. _969727 |
|
| 245 | 1 | 3 |
_aLa alimentación humana / _cpor Raymond Lalanne ; prefacio de Lucie Bandoin ; [adaptación y versión, J. García-Bosch]. |
| 250 | _a[1ª ed.]. | ||
| 260 |
_aVilassar de Mar, Barcelona : _bOikos-Tau, _c[1971] |
||
| 300 |
_a125 p. : _bil. ; _c18 cm. |
||
| 490 | 1 | _a¿Qué sé? | |
| 700 | 1 |
_aBandoin, Lucie. _925183 |
|
| 700 | 1 |
_aGarcía Bosch, J. _954287 |
|
| 830 | 0 |
_a¿Qué sé? _9181382 |
|
| 852 |
_aES-MaACL _jC-46052 _bR.80153 |
||
| 999 |
_c88471 _d88471 |
||